000 00515nam a22001577a 4500
999 _c8444
_d8445
008 200219b ||||| |||| 00| 0 eng d
020 _a9780198086109
082 _a519.3 OSB
100 _aOsborne, Martin J
245 _aAn introduction to game theory
260 _aNew York ;
_bOxford University Press,
_c2004.
300 _axvii, 533 p. :
_bill. ;
_c25 cm.
500 _aFormerly CIP. Bibliography note: Includes bibliographical references (p. 507-524) and index.
650 _a Game theory;
942 _2ddc